| 000 | 00000nas 2200000zi 4500 |
| 001 | 9.924424 |
| 003 | CaOODSP |
| 005 | 20251010094351 |
| 006 | m o d f |
| 007 | cr cn||||||||| |
| 008 | 230626c20229999bccar p o f0###b0fre|d |
| 022 | |a2818-0283 |
| 040 | |aCaOODSP|bfre|erda|cCaOODSP |
| 043 | |an-cn-bc |
| 086 | 1 |aIu97-1/5F-PDF |
| 110 | 1 |aCanada. |bDéveloppement économique Canada pour le Pacifique, |eauteur, |eorganisme de publication. |
| 222 | 0|aRapport annuel au parlement. Administration de la Loi sur l'accès à l'information |b(Canada. Développement économique Canada pour le Pacifique) |
| 245 | 10|aRapport annuel au parlement. |pAdministration de la Loi sur l’accès à l’information / |cPacifiCan. |
| 246 | 3 |aPacifiCan rapport annuel au parlement. |pAdministration de la Loi sur l'accès à l'information |
| 246 | 30|aAdministration de la Loi sur l'accès à l'information |
| 264 | 1|a[Vancouver] : |bDéveloppement économique Canada pour le Pacifique = Pacific Economic Development Canada, |c[2022]- |
| 310 | |aAnnuel |
| 336 | |atexte|btxt|2rdacontent/fre |
| 337 | |ainformatique|bc|2rdamedia/fre |
| 338 | |aressource en ligne|bcr|2rdacarrier/fre |
| 362 | 1 |aParaît depuis : 2021/2022. |
| 500 | |aPublié aussi en anglais sous le titre : Annual report to Parliament. Administration of the Access to Information Act. |
| 588 | |aDescription d'après : 2021/2022. |
| 588 | |aDernière livraison consultée : 2022/2023. |
| 610 | 16|aCanada. |bDéveloppement économique Canada pour le Pacifique|vPériodiques. |
| 610 | 16|aCanada. |tLoi sur l'accès à l'information|vPériodiques. |
| 650 | 6|aInformation sur l'État|zCanada|vPériodiques. |
| 650 | 6|aLiberté d'information|zCanada|vPériodiques. |
| 655 | 7|aPériodiques|2rvmgf |
| 775 | 08|tAnnual report to Parliament. |w(CaOODSP)9.924325 |
| 780 | 00|tRapport annuel au Parlement … |w(CaOODSP)9.822052 |